[Event "Espalion Op"]
[Site "Espalion"]
[Date "2017.07.22"]
[Round "9.6"]
[White "Estadieu, Romeo"]
[Black "Cappon, John"]
[Result "1/2-1/2"]
[WhiteElo "2049"]
[BlackElo "2197"]
[PlyCount "65"]
[EventDate "2017.??.??"]

1. d4 d5 2. e3 Nc6 3. f4 Bf5 4. Bd3 Qd7 5. c3 Nh6 6. Nf3 f6 7. Bxf5 Nxf5 8. Qe2
O-O-O 9. O-O e5 10. fxe5 fxe5 11. dxe5 Bc5 12. Nd4 g6 13. Nd2 Nxe5 14. N2b3 Bb6
15. Nxf5 gxf5 16. Nd4 h5 17. Bd2 Rdf8 18. a4 c5 19. Nb3 Qd6 20. e4 fxe4 21.
Rxf8+ Qxf8 22. Rf1 Qd6 23. a5 Bc7 24. Bf4 Qc6 25. Bxe5 Bxe5 26. Qf2 Bd6 27.
Qf5+ Qd7 28. c4 Qxf5 29. Rxf5 d4 30. Nxc5 Re8 31. Rd5 Kc7 32. Kf2 d3 33. Ke3
1/2-1/2

[Event "Espalion Op"]
[Site "Espalion"]
[Date "2017.07.22"]
[Round "9.7"]
[White "Gerard, Nicolas"]
[Black "Joliez, Didier"]
[Result "1-0"]
[WhiteElo "2189"]
[BlackElo "1901"]
[PlyCount "81"]
[EventDate "2017.??.??"]

1. d4 d5 2. c4 e6 3. Nf3 Nf6 4. Nc3 c6 5. e3 Be7 6. Bd3 dxc4 7. Bxc4 Qa5 8. O-O
Nbd7 9. e4 e5 10. d5 cxd5 11. exd5 Qc7 12. Qe2 a6 13. Re1 O-O 14. Bg5 Bd6 15.
Rac1 b5 16. Bd3 Qb8 17. Bxf6 Nxf6 18. h3 Bd7 19. a3 Re8 20. Qc2 Qd8 21. Nd2 Rc8
22. Qb3 Nh5 23. Nce4 Rxc1 24. Rxc1 Bb8 25. Bf1 f5 26. Nc5 Bc8 27. d6+ Kh8 28.
d7 Bxd7 29. Nxa6 Ba7 30. Nc7 Qh4 31. Qf3 e4 32. Nxe4 fxe4 33. Qf7 Nf4 34. Rc2
Rd8 35. Ne8 Rxe8 36. Qxd7 Bxf2+ 37. Rxf2 Rf8 38. Rc2 Qe1 39. Qf7 Ne2+ $4 (39...
Ng6 $19) 40. Rxe2 Rxf7 41. Rxe1 1-0

[Event "Espalion Op"]
[Site "Espalion"]
[Date "2017.07.22"]
[Round "9.8"]
[White "Lagunes, Jean-Renaud"]
[Black "Israel, Gregory"]
[Result "0-1"]
[WhiteElo "1951"]
[BlackElo "2043"]
[PlyCount "64"]
[EventDate "2017.??.??"]

1. e4 e6 2. d4 d5 3. Nc3 Nf6 4. Bg5 Be7 5. e5 Nfd7 6. h4 a6 7. Qg4 h5 8. Bxe7
hxg4 9. Bxd8 Kxd8 10. Be2 c5 11. O-O-O cxd4 12. Rxd4 Nxe5 13. h5 Nbc6 14. Rd2
b5 15. Ne4 Ke7 16. Ng3 f5 17. f4 Nd7 18. Bd1 Nf6 19. c3 Bd7 20. Bc2 Rh6 21.
N1e2 Rah8 22. a4 Nxh5 23. Nxh5 Rxh5 24. Rxh5 Rxh5 25. Ng3 Rh2 26. Bd3 Na5 27.
Re2 Kf6 28. b4 Nc4 29. Bxc4 dxc4 30. Kb2 Bc6 31. Nf1 Rxg2 32. Rxg2 Bxg2 0-1

[Event "Espalion Op"]
[Site "Espalion"]
[Date "2017.07.22"]
[Round "9.9"]
[White "Larcheveque, Francois"]
[Black "Verot, Melanie"]
[Result "1/2-1/2"]
[WhiteElo "2023"]
[BlackElo "2024"]
[PlyCount "104"]
[EventDate "2017.??.??"]

1. d4 Nf6 2. c4 g6 3. Nf3 Bg7 4. g3 d5 5. cxd5 Nxd5 6. Bg2 O-O 7. O-O Nc6 8.
Nc3 Nb6 9. e3 a5 10. b3 Bg4 11. Bb2 e5 12. dxe5 Qxd1 13. Nxd1 a4 14. Nd4 Nxe5
15. Bxb7 Rab8 16. Bg2 Nd3 17. Bc3 Bxd4 18. Bxd4 Be2 19. Nc3 Bxf1 20. Bxf1 c5
21. Bf6 Nb4 22. Bg2 Rfe8 23. Rd1 Re6 24. Bd8 Nxa2 25. Nxa2 axb3 26. Nc3 c4 27.
Bxb6 Rexb6 28. Bd5 Rb4 29. Kf1 R8b6 30. Ke2 Ra6 31. Kd2 Kg7 32. e4 Ra3 33. Rb1
b2 34. Kc2 Rab3 35. Bxc4 Ra3 36. Bd5 Ra1 37. Rxb2 Rxb2+ 38. Kxb2 Rf1 39. f4
Rf2+ 40. Kb3 Rxh2 41. e5 h5 42. Ne4 h4 43. gxh4 Rxh4 44. Kc3 Rxf4 45. Kd3 Rf5
46. Kd4 Kf8 47. Nd6 Rf4+ 48. Ke3 g5 49. Nxf7 Rxf7 50. Bxf7 Kxf7 51. Kf3 Ke6 52.
Kg4 Kxe5 1/2-1/2

[Event "Espalion Op"]
[Site "Espalion"]
[Date "2017.07.22"]
[Round "9.11"]
[White "Uliczny, Kevin"]
[Black "Pass, Deborah J"]
[Result "1/2-1/2"]
[WhiteElo "1690"]
[BlackElo "1920"]
[PlyCount "86"]
[EventDate "2017.??.??"]

1. e4 d5 2. exd5 Nf6 3. Nc3 Nxd5 4. Bc4 Nb6 5. Bb3 g6 6. Nf3 Bg7 7. d3 O-O 8.
O-O Nc6 9. Bf4 Bg4 10. h3 Bf5 11. Qd2 e5 12. Bh6 Qf6 13. Nb5 Qe7 14. Bxg7 Kxg7
15. Qc3 a6 16. Na3 Rad8 17. Rfe1 f6 18. Re2 Nd5 19. Bxd5 Rxd5 20. Nc4 Re8 21.
Ne3 Rc5 22. Qd2 Bc8 23. Rae1 Qf7 24. b4 Rb5 25. a3 a5 26. c4 Rb6 27. Nd5 axb4
28. Nxb6 cxb6 29. axb4 Rd8 30. Qc3 Bf5 31. Rd2 Qf8 32. b5 Nd4 33. Nxd4 Rxd4 34.
g4 Be6 35. Re4 Qc5 36. Rxd4 exd4 37. Qc1 Qg5 38. Qe1 h5 39. Qxe6 Qxd2 40. Qe7+
Kh6 41. Qxf6 Qxd3 42. g5+ Kh7 43. Qf7+ Kh8 1/2-1/2

[Event "Espalion Op"]
[Site "Espalion"]
[Date "2017.07.22"]
[Round "9.12"]
[White "Flaujac, Benoit"]
[Black "Pascot, Jean"]
[Result "1/2-1/2"]
[WhiteElo "1809"]
[BlackElo "1856"]
[PlyCount "137"]
[EventDate "2017.??.??"]

1. e4 e5 2. Nf3 Nc6 3. d4 exd4 4. Bc4 h6 5. O-O Bc5 6. c3 d3 7. Qxd3 d6 8. b4
Bb6 9. a4 a6 10. e5 Nge7 11. exd6 Bf5 12. Bxf7+ Kxf7 13. Qc4+ Be6 14. dxe7 Bxc4
15. exd8=N+ Raxd8 16. Re1 Rhe8 17. Be3 Bxe3 18. fxe3 Ne5 19. Nbd2 Bd3 20. Nxe5+
Rxe5 21. Nf3 Re4 22. a5 g5 23. h3 Kg6 24. Rad1 h5 25. Rd2 g4 26. hxg4 hxg4 27.
Nh4+ Kg5 28. g3 Rc4 29. Rc1 Rd6 30. Ng2 Kf5 31. Nf4 Ke4 32. Kf2 b6 33. axb6
cxb6 34. Rdd1 a5 35. bxa5 bxa5 36. Rd2 a4 37. Ra2 Rh6 38. Rca1 Rh2+ 39. Ng2
Rxc3 40. Rxa4+ Bc4 41. R1a2 Rh1 42. Nf4 Rcc1 43. Rxc4+ Rxc4 44. Rd2 Rh2+ 45.
Ng2 Rb4 46. Kg1 Rh8 47. Kf2 Ke5 48. Nf4 Rh2+ 49. Ng2 Rb1 50. Ra2 Rhh1 51. Ke2
Rhg1 52. Ra5+ Kd6 53. Nh4 Kc6 54. Nf5 Rg2+ 55. Kd3 Rb3+ 56. Kc4 Rb1 57. Ra6+
Kc7 58. Rg6 Ra2 59. Kd3 Rb3+ 60. Ke4 Rb6 61. Rg7+ Kd8 62. Rxg4 Ra3 63. Nd4 Ke7
64. Rf4 Rb4 65. g4 Rc4 66. g5 Rcc3 67. Rf3 Rd3 68. g6 Rxe3+ 69. Rxe3 1/2-1/2

[Event "Espalion Op"]
[Site "Espalion"]
[Date "2017.07.22"]
[Round "9.13"]
[White "Moingt, Anne"]
[Black "Crouzet, Emeric"]
[Result "1-0"]
[WhiteElo "2027"]
[BlackElo "1950"]
[PlyCount "61"]
[EventDate "2017.??.??"]

1. e4 c5 2. Nf3 e6 3. d4 cxd4 4. Nxd4 a6 5. Bd3 Qc7 6. O-O Nc6 7. Nxc6 bxc6 8.
c4 Nf6 9. Qe2 d5 10. Nc3 dxe4 11. Nxe4 Nxe4 12. Qxe4 Bd6 13. h3 Bb7 14. Qh4 c5
15. Be3 Be7 16. Qh5 g6 17. Qh6 Bf6 18. Rab1 Be5 19. b4 cxb4 20. Rxb4 f5 21.
Rfb1 Bc6 22. Bb6 Qd7 23. Qe3 Bg7 24. Bc5 Kf7 25. Be2 Qc7 26. Bb6 Qe5 27. Qd2 a5
28. R4b3 h5 29. Rd3 Ke7 30. Bd4 Qe4 31. Bf3 1-0

[Event "Espalion Op"]
[Site "Espalion"]
[Date "2017.07.22"]
[Round "9.14"]
[White "Canivet, Arnaud"]
[Black "Kozlowski, Thierry"]
[Result "1/2-1/2"]
[WhiteElo "1760"]
[BlackElo "1951"]
[PlyCount "98"]
[EventDate "2017.??.??"]

1. c4 c5 2. g3 e6 3. Bg2 Nf6 4. Nc3 a6 5. e4 Nc6 6. Nge2 Qc7 7. O-O Be7 8. f4
h5 9. h3 Rb8 10. d3 d6 11. Be3 b5 12. b3 b4 13. Na4 Nd7 14. d4 cxd4 15. Nxd4
Bb7 16. Rc1 Nc5 17. Nxc5 dxc5 18. Nf3 Rd8 19. Qe2 g5 20. Nxg5 Bxg5 21. fxg5
Qxg3 22. Bxc5 Qxg5 23. Qf2 Ne5 24. Bd4 Rh7 25. Kh1 Rg7 26. Rcd1 Nd3 27. Rxd3
Qxg2+ 28. Qxg2 Rxg2 29. Kxg2 Bxe4+ 30. Rff3 e5 31. Kg3 h4+ 32. Kf2 exd4 33. Rd2
f5 34. Rf4 Ke7 35. Rxh4 a5 36. Rh6 d3 37. Ke3 Rg8 38. Rh4 Rg3+ 39. Kd4 Kf6 40.
Rxe4 fxe4 41. Kxe4 Rxh3 42. Rxd3 Rh2 43. Kd5 Rxa2 44. c5 Ke7 45. Kc6 Rc2 46.
Kb6 Rc3 47. Rd4 Rxb3 48. Kxa5 Rb1 49. Rxb4 Rxb4 1/2-1/2

[Event "Espalion Op"]
[Site "Espalion"]
[Date "2017.07.22"]
[Round "9.15"]
[White "Hadamard, Olivier"]
[Black "Della Ragione, Enzo"]
[Result "1-0"]
[WhiteElo "1906"]
[BlackElo "1705"]
[PlyCount "67"]
[EventDate "2017.??.??"]

1. d4 Nf6 2. c4 g6 3. Nc3 Bg7 4. e4 d6 5. h3 O-O 6. Nf3 e5 7. d5 Na6 8. Bd3 Ne8
9. g4 Nc5 10. Bd2 f5 11. gxf5 gxf5 12. Bg5 Bf6 13. Bh6 Bg7 14. Bg5 Bf6 15. Rg1
Kh8 16. exf5 Ng7 17. Bh6 Rg8 18. Ng5 Bxg5 19. Bxg5 Nxf5 20. Qh5 Qf8 21. O-O-O
Bd7 22. b4 Be8 23. Qg4 Nh6 24. Qh4 Rg6 25. Bxg6 Bxg6 26. Bf6+ Kg8 27. bxc5 Nf5
28. Rxg6+ hxg6 29. Qg5 Qf7 30. Rg1 Kh7 31. cxd6 cxd6 32. Ne4 Rf8 33. Rg4 Qe8
34. Nxd6 1-0

[Event "Espalion Op"]
[Site "Espalion"]
[Date "2017.07.22"]
[Round "9.16"]
[White "Le Borgne, Romain"]
[Black "Veschambre, Antoine"]
[Result "1/2-1/2"]
[WhiteElo "1853"]
[BlackElo "1682"]
[PlyCount "58"]
[EventDate "2017.??.??"]

1. e4 Nf6 2. Nc3 d5 3. exd5 Nxd5 4. Bc4 c6 5. d3 Nxc3 6. bxc3 Nd7 7. Nf3 Nf6 8.
Ne5 e6 9. f4 Qa5 10. Bd2 Bd6 11. Qe2 O-O 12. O-O Nd5 13. Rf3 Nxc3 14. Qe1 Bb4
15. Rh3 Ne2+ 16. Qxe2 Bxd2 17. Rh5 Qb6+ 18. Kh1 Bxf4 19. Ng4 Qd4 20. Rf1 e5 21.
Nxe5 Bxe5 22. Rxe5 Bg4 23. Bxf7+ Kh8 24. Qe4 Qxe4 25. Rxe4 Bh5 26. Re7 Bxf7 27.
Rfxf7 Rxf7 28. Rxf7 b6 29. Rb7 Kg8 1/2-1/2

[Event "Espalion Op"]
[Site "Espalion"]
[Date "2017.07.22"]
[Round "9.17"]
[White "Rihouey, Franck"]
[Black "Menardo, Philippe"]
[Result "1-0"]
[WhiteElo "1827"]
[BlackElo "1631"]
[PlyCount "61"]
[EventDate "2017.??.??"]

1. d4 d5 2. Nf3 Nf6 3. e3 c6 4. Bd3 Bg4 5. Nbd2 Nbd7 6. h3 Bh5 7. O-O e6 8. c4
Bd6 9. b3 O-O 10. Bb2 Re8 11. Qc2 e5 12. dxe5 Nxe5 13. Nxe5 Bxe5 14. Rfe1 Bxb2
15. Qxb2 dxc4 16. Bxc4 Qa5 17. Be2 Bxe2 18. Rxe2 Qe5 19. Qc1 Rad8 20. Nf3 Qh5
21. Qc2 Ne4 22. Ree1 g5 23. Rad1 Rxd1 24. Rxd1 g4 25. hxg4 Qxg4 26. Rd4 Qg6 27.
Nd2 Nxd2 28. Qxd2 Re7 29. Rd8+ Kg7 30. Qd4+ Qf6 31. Rg8+ 1-0

[Event "Espalion Op"]
[Site "Espalion"]
[Date "2017.07.22"]
[Round "9.18"]
[White "Carno, Matthias"]
[Black "Labarrere, Daniel"]
[Result "1-0"]
[WhiteElo "1782"]
[BlackElo "1816"]
[PlyCount "63"]
[EventDate "2017.??.??"]

1. e4 d6 2. b3 Nf6 3. Nc3 c5 4. Bb2 Nc6 5. f4 g6 6. Nf3 Bg4 7. Nd5 e5 8. Nxf6+
Qxf6 9. g3 Nd4 10. Bxd4 cxd4 11. Bb5+ Bd7 12. Bxd7+ Kxd7 13. fxe5 dxe5 14. O-O
Bc5 15. Kg2 Qe7 16. Qe2 f6 17. c3 Qd6 18. cxd4 Bxd4 19. Rac1 Bb6 20. Rc3 Ke7
21. Rfc1 Rhd8 22. R1c2 Rd7 23. Rc8 Rxc8 24. Rxc8 Rc7 25. Rh8 Ke6 26. Nh4 f5 27.
exf5+ gxf5 28. Re8+ Kf6 29. Qh5 Qxd2+ 30. Kh3 Qd3 31. Qh6+ Kf7 32. Qf8# 1-0

[Event "Espalion Op"]
[Site "Espalion"]
[Date "2017.07.22"]
[Round "9.19"]
[White "Martinez, Felicien"]
[Black "Huin, Eric"]
[Result "1-0"]
[WhiteElo "1199"]
[BlackElo "1801"]
[PlyCount "65"]
[EventDate "2017.??.??"]

1. e4 e5 2. Nf3 Nc6 3. Bc4 Nf6 4. d3 Be7 5. c3 O-O 6. Nbd2 d5 7. exd5 Nxd5 8.
O-O Nf6 9. Re1 Bc5 10. Nf1 a6 11. b4 Ba7 12. Be3 Qd6 13. Bxa7 Rxa7 14. Qe2 b5
15. Bb3 Bg4 16. Ng3 Raa8 17. h3 Bxf3 18. Qxf3 g6 19. Re2 Rad8 20. Rd1 Rfe8 21.
a3 Rd7 22. Red2 Nd8 23. c4 Ne6 24. Qxf6 Nd4 25. Qxd6 Rxd6 26. Ba2 Kg7 27. Ne2
bxc4 28. Bxc4 e4 29. Nxd4 Rxd4 30. Bxa6 Ra8 31. b5 c6 32. Bb7 Rxa3 33. bxc6 1-0

[Event "Espalion Op"]
[Site "Espalion"]
[Date "2017.07.22"]
[Round "9.20"]
[White "Colandrea, Sauveur"]
[Black "Cavailles, Evan"]
[Result "0-1"]
[WhiteElo "1752"]
[BlackElo "1806"]
[PlyCount "68"]
[EventDate "2017.??.??"]

1. d4 d5 2. c4 c6 3. Nc3 Nf6 4. Nf3 e6 5. g3 dxc4 6. Ne5 b5 7. Bg2 Nd5 8. e4
Nxc3 9. bxc3 Bd6 10. f4 O-O 11. O-O Qc7 12. a4 Bb7 13. Qg4 Nd7 14. Nxd7 Qxd7
15. f5 exf5 16. exf5 a6 17. Bh6 f6 18. Rae1 Kh8 19. Bd2 Rfe8 20. Re6 Rxe6 21.
fxe6 Qe7 22. Be4 g6 23. Qh4 f5 24. Qh6 Qg7 25. Qh3 Re8 26. Qg2 Qc7 27. Qh3 Rxe6
28. Bxf5 gxf5 29. Qxf5 Rg6 30. Re1 Kg7 31. Be3 Bxg3 32. Re2 Bxh2+ 33. Kh1 c5+
34. d5 Qd6 0-1

[Event "Espalion Op"]
[Site "Espalion"]
[Date "2017.07.22"]
[Round "9.21"]
[White "Verat-Fayolle, Celian"]
[Black "Saya, Ethan"]
[Result "0-1"]
[WhiteElo "1678"]
[BlackElo "1775"]
[PlyCount "84"]
[EventDate "2017.??.??"]

1. e4 d5 2. exd5 Qxd5 3. Nc3 Qa5 4. h3 Nf6 5. Nf3 c6 6. Bc4 Bf5 7. O-O e6 8. d3
Qc7 9. Ne2 Bd6 10. Ned4 O-O 11. Nxf5 exf5 12. Nd4 g6 13. Qf3 Nbd7 14. Bb3 f4
15. Be6 fxe6 16. Nxe6 Qa5 17. Nxf8 Rxf8 18. d4 Qf5 19. c3 h6 20. g4 Qe6 21. Bd2
Ne4 22. Rae1 Nxd2 23. Qd3 Qf6 24. Qxd2 f3 25. Qe3 Kh8 26. Qxh6+ Kg8 27. Qe3 Rf7
28. Qe6 Qf4 29. Qxg6+ Kf8 30. Re5 Bxe5 31. dxe5 Nxe5 32. Qd6+ Kg7 33. Re1 Ng6
34. Qxf4 Nxf4 35. Kh2 Ne2 36. Rd1 Kf6 37. Rd6+ Ke5 38. Rg6 Rh7 39. Rg8 Nf4 40.
g5 Rxh3+ 41. Kg1 Ne2+ 42. Kf1 Rh1# 0-1

[Event "Espalion Op"]
[Site "Espalion"]
[Date "2017.07.22"]
[Round "9.22"]
[White "Herrero, Alain"]
[Black "Deceuninck, Andre"]
[Result "1-0"]
[WhiteElo "1673"]
[BlackElo "1578"]
[PlyCount "77"]
[EventDate "2017.??.??"]

1. d4 c5 2. d5 f5 3. g3 g6 4. Bg2 d6 5. Nf3 Na6 6. c4 Nf6 7. Nc3 Bg7 8. O-O O-O
9. Ng5 Nc7 10. Qb3 a6 11. a4 Bd7 12. a5 Rb8 13. Qb6 Qc8 14. Bd2 h6 15. Nh3 Na8
16. Qb3 b5 17. axb6 Rxb6 18. Qc2 Qb8 19. Rfb1 Nc7 20. Nf4 Qe8 21. Ra5 Ng4 22.
Na4 Rb8 23. b4 cxb4 24. Rxb4 g5 25. Nd3 Qh5 26. h3 Ne5 27. Bc3 f4 28. Nxe5 Bxe5
29. g4 Qf7 30. Rxb8 Rxb8 31. Bxe5 dxe5 32. Nc5 Bc8 33. Ne4 Qg6 34. Rc5 Qb6 35.
Qd3 Ne8 36. Rc6 Qb1+ 37. Qxb1 Rxb1+ 38. Kh2 Kg7 39. Rxc8 1-0

[Event "Espalion Op"]
[Site "Espalion"]
[Date "2017.07.22"]
[Round "9.23"]
[White "Mourgues, Joelle"]
[Black "Desai, Nilomi"]
[Result "0-1"]
[WhiteElo "1624"]
[BlackElo "1502"]
[PlyCount "74"]
[EventDate "2017.??.??"]

1. Nf3 d5 2. d3 Bg4 3. Nbd2 Nd7 4. g3 c6 5. Bg2 Ngf6 6. O-O e6 7. c3 Be7 8. e4
O-O 9. Qc2 Qc7 10. Re1 dxe4 11. dxe4 Rfd8 12. Nc4 Nc5 13. Nd4 e5 14. Nf5 Nd3
15. Nxe7+ Qxe7 16. Re3 Nxc1 17. Rxc1 Qc5 18. b3 Be6 19. Nb2 b5 20. h3 Nd7 21.
a4 a6 22. b4 Qb6 23. a5 Qc7 24. c4 Qb7 25. c5 f6 26. Rd1 Qc7 27. Rd6 Nf8 28.
Red3 Rd7 29. Qd1 Rad8 30. f4 h6 31. Kh2 Bf7 32. f5 Be8 33. h4 Kf7 34. Qb3+ Ke7
35. Re6+ Nxe6 36. Qxe6+ Kf8 37. Bf1 Rxd3 0-1

[Event "Espalion Op"]
[Site "Espalion"]
[Date "2017.07.22"]
[Round "9.24"]
[White "Boulier, Rene"]
[Black "Breton, Vadim"]
[Result "1-0"]
[WhiteElo "1608"]
[BlackElo "1412"]
[PlyCount "125"]
[EventDate "2017.??.??"]

1. d4 d5 2. c4 c6 3. Nc3 Nf6 4. Bg5 Bf5 5. Nf3 g6 6. Bxf6 exf6 7. cxd5 cxd5 8.
e3 Bg7 9. Qb3 Qc7 10. Nxd5 Qa5+ 11. Nc3 O-O 12. Qxb7 Nd7 13. Qb5 Qd8 14. b3 Rc8
15. Rc1 Nb6 16. Bc4 Nxc4 17. bxc4 Bd3 18. Nd2 f5 19. Ne2 Qe7 20. Nf4 Qa3 21.
Nxd3 Qxd3 22. Qb3 Qxb3 23. axb3 Rfe8 24. O-O f4 25. Rfe1 fxe3 26. fxe3 Bh6 27.
Kf2 Rc6 28. Rc3 Rf6+ 29. Nf3 Bf8 30. c5 Rc8 31. Ke2 Bg7 32. b4 Re6 33. Rd3 Rb8
34. Rb1 Bh6 35. g4 Bf4 36. Kf2 Bc7 37. d5 Ree8 38. d6 Rbd8 39. Rbd1 Bb8 40. c6
Bxd6 41. Rxd6 Kg7 42. Rxd8 Re7 43. R8d7 Re8 44. Rxa7 Rc8 45. c7 h5 46. gxh5
gxh5 47. b5 h4 48. Nxh4 f5 49. Nxf5+ Kf6 50. e4 Ke5 51. Kf3 Rg8 52. Rd5+ Ke6
53. Ra6+ Kf7 54. Nh6+ Ke7 55. Nxg8+ Kf7 56. Nh6+ Ke7 57. Re6+ Kxe6 58. c8=Q+
Kf6 59. Qf5+ Kg7 60. Qf7+ Kxh6 61. Qf6+ Kh7 62. Rd7+ Kg8 63. Qd8# 1-0

[Event "Espalion Op"]
[Site "Espalion"]
[Date "2017.07.22"]
[Round "9.25"]
[White "Veschambre, Martin"]
[Black "Brun, Pierre"]
[Result "0-1"]
[WhiteElo "1539"]
[BlackElo "1353"]
[PlyCount "42"]
[EventDate "2017.??.??"]

1. d4 Nf6 2. Bf4 g6 3. Nc3 Bg7 4. e4 d6 5. Qd2 O-O 6. h3 Re8 7. Nf3 Nbd7 8. Bh6
Bh8 9. O-O-O c5 10. d5 a6 11. g4 b5 12. g5 b4 13. gxf6 bxc3 14. Qxc3 Bxf6 15.
Qd2 Rb8 16. c3 Qa5 17. Bc4 Nb6 18. Bb3 c4 19. Bc2 Qxa2 20. Bb1 Qa1 21. Qc2 Na4
0-1

[Event "Espalion Op"]
[Site "Espalion"]
[Date "2017.07.22"]
[Round "9.26"]
[White "Callebaut, Katia"]
[Black "Marie, Olivier"]
[Result "0-1"]
[WhiteElo "1296"]
[BlackElo "1572"]
[PlyCount "120"]
[EventDate "2017.??.??"]

1. e4 g6 2. Nf3 Bg7 3. d4 c5 4. Be3 Qb6 5. b3 a6 6. Bc4 Qc7 7. c3 e6 8. d5 b5
9. d6 Qa5 10. b4 cxb4 11. Bb3 bxc3 12. O-O c2 13. Qxc2 Nc6 14. e5 Nxe5 15. Nxe5
Bxe5 16. Bd2 b4 17. Qe4 Rb8 18. Bxb4 Rxb4 19. Qa8 Qd8 20. Rc1 Bb7 21. Qxd8+
Kxd8 22. Nc3 Rg4 23. f3 Bxf3 24. Kf2 Rxg2+ 25. Kxf3 Rxh2 26. Ke4 Bxd6 27. Na4
f5+ 28. Kd4 Ne7 29. Rab1 e5+ 30. Kc3 Nc6 31. Rd1 Bb4+ 32. Kc4 Rh4+ 33. Kd3 Ke7
34. Nb6 Rd4+ 35. Kc2 Bc5 36. Nd5+ Rxd5 37. Rxd5 Nb4+ 38. Kd1 Nxd5 39. Bxd5 h5
40. a4 Kf6 41. Rb7 Rd8 42. a5 e4 43. Rc7 Bb4 44. Ra7 Ke5 45. Rxa6 Kxd5 46. Rxg6
d6 47. Rg5 Ke5 48. Rxh5 Bxa5 49. Rh2 Rb8 50. Ra2 Rb5 51. Rc2 f4 52. Rh2 Kd4 53.
Rh6 d5 54. Ke2 Rb2+ 55. Kd1 Kd3 56. Kc1 Rg2 57. Rh1 Bb4 58. Rd1+ Kc4 59. Kb1
Kb3 60. Rxd5 Rg1+ 0-1

[Event "Espalion Op"]
[Site "Espalion"]
[Date "2017.07.22"]
[Round "9.27"]
[White "Lemaire, Frederic"]
[Black "Duvette, Michel"]
[Result "0-1"]
[WhiteElo "1486"]
[BlackElo "1412"]
[PlyCount "78"]
[EventDate "2017.??.??"]

1. e4 e5 2. Nf3 Nf6 3. Nc3 Nc6 4. Bc4 Nxe4 5. Bxf7+ Kxf7 6. Nxe4 Be7 7. d3 h6
8. O-O d6 9. h3 Rf8 10. Nh2 Kg8 11. Ng4 Bxg4 12. Qxg4 Qc8 13. Qg3 Qe6 14. c3 d5
15. Nd2 Rf6 16. Nf3 Rg6 17. Qh2 Rf8 18. Ne1 Bd6 19. g3 Rf5 20. Ng2 Qf6 21. Nh4
Qxh4 22. Qg2 Qe7 23. Bd2 Qf7 24. Rae1 Rf3 25. Re3 Rgf6 26. b4 d4 27. Rxf3 Rxf3
28. b5 Nd8 29. cxd4 exd4 30. Bc1 Qf5 31. g4 Qxd3 32. Re1 Kf8 33. g5 Rxh3 34.
gxh6 Bh2+ 35. Kh1 Bf4+ 36. Kg1 Bxh6 37. Bxh6 Rxh6 38. Re4 Qb1+ 39. Qf1 Rg6+ 0-1

[Event "Espalion Op"]
[Site "Espalion"]
[Date "2017.07.22"]
[Round "9.28"]
[White "Pla, Jean"]
[Black "Brun, Emilie"]
[Result "1-0"]
[WhiteElo "1356"]
[BlackElo "1130"]
[PlyCount "85"]
[EventDate "2017.??.??"]

1. c4 c5 2. Nc3 Nc6 3. Nf3 Nf6 4. g3 g6 5. Bg2 Bg7 6. O-O O-O 7. a3 e6 8. d3 d5
9. cxd5 Nxd5 10. Bd2 Nd4 11. Nxd4 cxd4 12. Nxd5 exd5 13. Qc1 Re8 14. Re1 Bf5
15. Qc5 b6 16. Qxd5 Qxd5 17. Bxd5 Rad8 18. Bg2 Bg4 19. Kf1 Rd6 20. h3 Bd7 21.
Rac1 Rc6 22. Rxc6 Bxc6 23. Bxc6 Re6 24. Bf3 f5 25. Bd5 Kf7 26. Rc1 Ke7 27. Bxe6
Kxe6 28. Rc7 Kf6 29. Rxa7 h5 30. h4 Bh6 31. Bxh6 Ke5 32. Rb7 Kf6 33. Rxb6+ Kf7
34. Rd6 Kg8 35. b4 Kh7 36. Bf4 Kg7 37. b5 Kf7 38. b6 Ke7 39. b7 Ke8 40. b8=Q+
Ke7 41. Qc7+ Ke8 42. Ra6 Kf8 43. Ra8# 1-0

[Event "Espalion Op"]
[Site "Espalion"]
[Date "2017.07.22"]
[Round "9.30"]
[White "Saya, Yann"]
[Black "Dewilde, Rudi"]
[Result "0-1"]
[WhiteElo "1199"]
[BlackElo "1257"]
[PlyCount "28"]
[EventDate "2017.??.??"]

1. e4 e5 2. Nf3 Nc6 3. Nc3 Bc5 4. Bc4 h6 5. O-O d6 6. d3 Nd4 7. Be3 Bg4 8. Bb5+
c6 9. Bc4 Nxf3+ 10. gxf3 Bh3 11. Re1 Qf6 12. Qe2 Qg6+ 13. Bg5 Qxg5+ 14. Kh1
Qg2# 0-1